[Event "Westland (SEMO Res/5/27)"]
[Site "?"]
[Date "1985.??.??"]
[Round "?"]
[White "Leonard, K.."]
[Black "Duncan, Robert"]
[Result "0-1"]
[WhiteElo "1605"]
[BlackElo "1605"]
[PlyCount "38"]
[EventDate "1985.??.??"]

{5/(27)} 1. c4 Nf6 2. Nc3 g6 3. Nf3 Bg7 4. g3 O-O 5. Bg2 c6 6. O-O d5 7. cxd5
cxd5 8. d4 Nc6 9. Re1 Ne4 10. Nxe4 dxe4 11. Ng5 f5 12. Qb3+ e6 13. Nxe6 Bxe6
14. Qxe6+ Kh8 15. Be3 Rc8 16. Rac1 Rc7 17. f3 Nxd4 18. Bxd4 Bxd4+ 19. e3 Rxc1
0-1

[Event "Ann Arbor (Masters/Experts Inv)"]
[Site "?"]
[Date "1985.??.??"]
[Round "?"]
[White "Laren, Philip"]
[Black "Poschel, Paul"]
[Result "0-1"]
[WhiteElo "2150"]
[BlackElo "2320"]
[PlyCount "118"]
[EventDate "1985.??.??"]

1. d4 d5 2. c4 dxc4 3. Nf3 Nf6 4. Nc3 Nc6 5. d5 Nb8 6. e4 e6 7. Bxc4 exd5 8.
exd5 Be7 9. O-O O-O 10. Bf4 Nbd7 11. Nb5 Bd6 12. Nxd6 cxd6 13. Rc1 Nb6 14. Bb3
Bg4 15. h3 Bh5 16. a4 a5 17. Qd3 Bg6 18. Qb5 Bf5 19. Bg5 Ra6 20. Bxf6 Qxf6 21.
Rc7 Nd7 22. Rxb7 Nc5 23. Rb8 Ra8 24. Rxa8 Rxa8 25. Re1 h6 26. Bd1 Bd7 27. Qb6
Nd3 28. Qb7 Qd8 29. Re7 Nc5 30. Rxd7 Nxd7 31. Nd4 Rb8 32. Qa7 Rxb2 33. Nc6 Qb6
34. Qxb6 Nxb6 35. Bf3 Nxa4 36. Nxa5 Nb6 37. Be4 Kf8 38. Kf1 Ke7 39. Nc6+ Kd7
40. Nd4 Rb4 41. Bf5+ Kc7 42. Nc6 Rf4 43. Ne7 Kd8 44. g3 Kxe7 45. gxf4 Nxd5 46.
Ke2 Nxf4+ 47. Ke3 Ne6 48. h4 d5 49. Bb1 g5 50. hxg5 hxg5 51. Bc2 Kd6 52. Bh7
Ke5 53. Bb1 f5 54. Bc2 f4+ 55. Kd3 Nc5+ 56. Ke2 g4 57. Bg6 f3+ 58. Kd2 Ne4+ 59.
Ke1 Kf4 0-1

[Event "East Lansing (MI Op/6/2)"]
[Site "?"]
[Date "1985.??.??"]
[Round "?"]
[White "Laren, Philip"]
[Black "Poschel, Paul"]
[Result "1/2-1/2"]
[WhiteElo "2150"]
[BlackElo "2320"]
[PlyCount "63"]
[EventDate "1985.??.??"]

{6/(2)} 1. e4 c5 2. Nf3 e6 3. c3 Nf6 4. e5 Nd5 5. d4 cxd4 6. cxd4 d6 7. Bd3
dxe5 8. Nxe5 Bb4+ 9. Bd2 Bxd2+ 10. Nxd2 Nd7 11. Ne4 O-O 12. Rc1 Nxe5 13. dxe5
Nf4 14. Rc3 Nxd3+ 15. Qxd3 Qxd3 16. Rxd3 b6 17. Kd2 Bb7 18. Ke3 Bxe4 19. Kxe4
Rfc8 20. Rhd1 g6 21. R1d2 Rc4+ 22. Ke3 Rc7 23. b3 Kf8 24. Rd8+ Rxd8 25. Rxd8+
Ke7 26. Ra8 h5 27. f4 Kd7 28. h3 Ke7 29. Kf3 Rc3+ 30. Ke4 Rc7 31. Kf3 Rc3+ 32.
Ke4 1/2-1/2

[Event "Westland (MEX/4)"]
[Site "?"]
[Date "1985.??.??"]
[Round "?"]
[White "Laren, Philip"]
[Black "Kitts, Gary"]
[Result "0-1"]
[WhiteElo "2150"]
[BlackElo "2065"]
[PlyCount "110"]
[EventDate "1985.??.??"]

1. d4 Nf6 2. c4 g6 3. Nc3 d5 4. Nf3 Bg7 5. e3 O-O 6. Bd2 b6 7. cxd5 Nxd5 8. Bc4
e6 9. O-O Bb7 10. Bxd5 exd5 11. b4 Nd7 12. Qb3 c6 13. Rfc1 b5 14. a4 a6 15. a5
Nf6 16. Ra2 Qd6 17. Re1 Bc8 18. h3 Be6 19. Rc2 Ne4 20. Qb2 f6 21. Rd1 Ng5 22.
Nxg5 fxg5 23. Be1 g4 24. hxg4 Bxg4 25. f3 Bd7 26. Nb1 Rae8 27. Re2 Qf6 28. Bg3
Qg5 29. Bf4 Qe7 30. Rde1 g5 31. Bh2 g4 32. Bf4 Qf7 33. Qd2 Qg6 34. g3 gxf3 35.
Rh2 Bf5 36. Nc3 Be4 37. Kf2 Rf5 38. Reh1 h5 39. Nd1 Kf7 40. Qc3 Bf8 41. Nb2 Be7
42. Rc1 h4 43. Rg1 Rg8 44. g4 Rh5 45. Rhh1 Rh7 46. Nd1 h3 47. g5 Rh5 48. Ke1
f2+ 49. Nxf2 Bxh1 50. Rxh1 Bxg5 51. Qc5 Be7 52. Qa7 Qb1+ 53. Ke2 Qxb4 54. Nxh3
Qb2+ 55. Kf3 Qg2# 0-1

[Event "East Lansing (MI Op/1a/2)"]
[Site "?"]
[Date "1985.??.??"]
[Round "?"]
[White "Laren, Philip"]
[Black "Johnson, Richard"]
[Result "1-0"]
[WhiteElo "2150"]
[BlackElo "1925"]
[PlyCount "131"]
[EventDate "1985.??.??"]

1. e4 c6 2. d4 d5 3. exd5 cxd5 4. c4 Nf6 5. Nc3 g6 6. Qb3 Bg7 7. cxd5 O-O 8.
Be2 Nbd7 9. Bf3 Nb6 10. Nge2 Bg4 11. Bxg4 Nxg4 12. a4 Qc8 13. a5 Qc4 14. Ra3
Qxb3 15. Rxb3 Nc4 16. Rxb7 Nxa5 17. Rxe7 Rfe8 18. Rxe8+ Rxe8 19. O-O Nb3 20. h3
Nf6 21. Be3 Rd8 22. Rd1 Nxd5 23. Nxd5 Rxd5 24. Nc3 Rd7 25. d5 Na5 26. Kf1 Nc4
27. Bc1 Nb6 28. d6 Nc4 29. Ne4 Be5 30. f4 Bg7 31. b3 Nb6 32. Be3 Nc8 33. Bc5 h6
34. Bb4 f5 35. Nf2 Nb6 36. Nd3 Nc8 37. Ne5 Bxe5 38. fxe5 Kf7 39. Kf2 Ke6 40.
Bc3 Nb6 41. Bd4 Nd5 42. g3 Nb4 43. Rd2 Nd5 44. Rc2 g5 45. Rc8 f4 46. g4 Kf7 47.
Rh8 Kg6 48. Ra8 Kf7 49. Rxa7 Rxa7 50. Bxa7 Ke6 51. Bd4 Nb4 52. Bc3 Nc6 53. b4
Na7 54. Kf3 Nb5 55. Bb2 Na7 56. Ke4 Nb5 57. h4 Na7 58. hxg5 hxg5 59. Bd4 Nb5
60. Bb6 Nc3+ 61. Kd4 Nd5 62. d7 Nxb4 63. d8=Q Nc6+ 64. Ke4 Nxd8 65. Bxd8 f3 66.
Bb6 1-0

[Event "East Lansing (MI Op/3/3)"]
[Site "?"]
[Date "1985.??.??"]
[Round "?"]
[White "Laren, Philip"]
[Black "Bailey, Greg"]
[Result "1/2-1/2"]
[WhiteElo "2150"]
[BlackElo "2065"]
[PlyCount "20"]
[EventDate "1985.??.??"]

{3/(3)} 1. d4 Nf6 2. Nf3 g6 3. c4 Bg7 4. Nc3 d6 5. e3 O-O 6. Be2 Nbd7 7. b3 c5
8. Bb2 a6 9. O-O Rb8 10. Qc2 e6 1/2-1/2

[Event "Westland (MEX/2)"]
[Site "?"]
[Date "1985.??.??"]
[Round "?"]
[White "Laren, Philip"]
[Black "Avery, Robert W"]
[Result "1/2-1/2"]
[WhiteElo "2150"]
[BlackElo "2150"]
[PlyCount "137"]
[EventDate "1985.??.??"]

1. d4 Nf6 2. c4 g6 3. Nc3 d5 4. Nf3 Bg7 5. g3 O-O 6. Bg2 c5 7. dxc5 Qa5 8. O-O
dxc4 9. Qd4 Nfd7 10. Qxc4 Qxc5 11. Qb3 Nc6 12. Be3 Qb4 13. Nd4 Bxd4 14. Qxb4
Nxb4 15. Bxd4 Nc2 16. Rad1 e5 17. Be3 Nxe3 18. fxe3 Nb6 19. b3 Rb8 20. Nb5 Bg4
21. Bf3 Bh3 22. Rfe1 Nc8 23. Rd5 f6 24. Rc1 a6 25. Na3 Be6 26. Rdc5 Nd6 27. Bd5
Rbe8 28. Rd1 Bxd5 29. Rcxd5 Ne4 30. Rd7 Rf7 31. Nc4 Rfe7 32. Na5 Nc5 33. R7d5
Rc7 34. b4 Ne4 35. Rd7 Re7 36. Rxe7 Rxe7 37. Rd8+ Kf7 38. Rb8 Nd6 39. Nb3 Ne4
40. Na5 Nd6 41. Rd8 Ke6 42. Kg2 f5 43. Kf3 e4+ 44. Kf2 Rc7 45. Rb8 Kd7 46. Rh8
Ke6 47. Rb8 h6 48. Rh8 h5 49. Rb8 Kf6 50. h4 Rc2 51. Nxb7 Nxb7 52. Rxb7 Rxa2
53. Rb6+ Kf7 54. Rb7+ Kf6 55. Rb6+ Kg7 56. Rb7+ Kh6 57. Rb6 a5 58. bxa5 Rxa5
59. Rc6 Ra7 60. Rb6 Kg7 61. Rc6 Kf7 62. Rb6 Re7 63. Ra6 Re6 64. Ra8 Kg7 65. Rb8
Rf6 66. Rc8 g5 67. Rc5 Kg6 68. Ra5 Rb6 69. Rc5 1/2-1/2

[Event "East Lansing (MI Op/5/33)"]
[Site "?"]
[Date "1985.??.??"]
[Round "?"]
[White "Lahr, Fred"]
[Black "Mason, A.."]
[Result "1/2-1/2"]
[WhiteElo "1605"]
[BlackElo "1725"]
[PlyCount "97"]
[EventDate "1985.??.??"]

{5/(33)} 1. e4 c6 2. d4 d5 3. e5 Bf5 4. h4 h6 5. c4 dxc4 6. Bxc4 e6 7. a3 Nd7
8. Bd3 Bxd3 9. Qxd3 Nxe5 10. Qe3 Nc4 11. Qd3 Nb6 12. Nf3 Nf6 13. O-O Be7 14.
Re1 Nbd5 15. Nbd2 Nf4 16. Qc2 Ng6 17. Nc4 O-O 18. g3 Qc7 19. Kg2 Rfd8 20. Rh1
Rac8 21. h5 Nf8 22. Bf4 Qd7 23. Nce5 Qd5 24. Rad1 c5 25. Qd2 Ne4 26. Qe3 Ng5
27. dxc5 Qxc5 28. Rxd8 Bxd8 29. Nxg5 Qxe3 30. Bxe3 Bxg5 31. Bxa7 Bf6 32. Bd4
Nd7 33. Re1 Rd8 34. b4 Nxe5 35. Bxe5 Bxe5 36. Rxe5 Rd5 37. Rxd5 exd5 38. Kf3
Kf8 39. Ke3 Ke7 40. Kd4 Kd6 41. a4 g6 42. g4 g5 43. f3 f6 44. a5 Kc6 45. Kd3
Kd7 46. Kd4 Kd6 47. Ke3 Kd7 48. Kd3 Kc6 49. Kd4 1/2-1/2

[Event "East Lansing (MI Op/3/25)"]
[Site "?"]
[Date "1985.??.??"]
[Round "?"]
[White "Lahr, Fred"]
[Black "Daniluk, J.."]
[Result "0-1"]
[WhiteElo "1605"]
[BlackElo "1975"]
[PlyCount "24"]
[EventDate "1985.??.??"]

{3/(25)} 1. e4 c5 2. Nf3 Nc6 3. d4 cxd4 4. Nxd4 Nf6 5. Nc3 e5 6. Nf3 Bb4 7. Bd2
Bxc3 8. Bxc3 Nxe4 9. Bxe5 Qe7 10. Bf4 Nc3+ 11. Kd2 Nxd1 12. Rxd1 Qb4+ 0-1

[Event "East Lansing (MI Op/7/25)"]
[Site "?"]
[Date "1985.??.??"]
[Round "?"]
[White "Lahr, Fred"]
[Black "Boes, Jeff"]
[Result "1/2-1/2"]
[WhiteElo "1605"]
[BlackElo "1805"]
[PlyCount "128"]
[EventDate "1985.??.??"]

{7/(25)} 1. e4 e5 2. Nf3 Nf6 3. Nxe5 d6 4. Nf3 Nxe4 5. Qe2 Qe7 6. d3 Nf6 7. Bg5
Qxe2+ 8. Bxe2 Be7 9. Nc3 Be6 10. Bd2 h6 11. O-O-O Nc6 12. a3 O-O-O 13. d4 d5
14. h3 Kb8 15. Bb5 Ne4 16. Be1 Bf6 17. Bxc6 bxc6 18. Nxe4 dxe4 19. Ne5 Bxe5 20.
dxe5 Rd5 21. Bc3 Re8 22. Rhe1 Bf5 23. Rd2 Re6 24. Red1 Rxd2 25. Rxd2 Rg6 26. g4
Be6 27. Rd4 Bd5 28. Rb4+ Ka8 29. Bd4 a6 30. Be3 c5 31. Bxc5 Rc6 32. Bf8 g5 33.
Rd4 Bb3 34. Rd2 Bc4 35. Kd1 Bf1 36. Rd4 Bxh3 37. Rxe4 Bg2 38. Re3 Kb7 39. c3
Kc8 40. Ke2 Bd5 41. Rh3 Re6 42. Bg7 Kd7 43. Bf6 Kc6 44. Rxh6 Kb5 45. Rh3 Kc4
46. Kd2 Kb3 47. Kc1 Rb6 48. Rd3 Be4 49. Rd4 Bf3 50. Rb4+ Rxb4 51. axb4 Bxg4 52.
Bxg5 Bf3 53. Bd8 c6 54. Bb6 Ka2 55. Bd4 Kb3 56. Kb1 Be4+ 57. Ka1 Bf3 58. Be3
Be4 59. f4 Bd3 60. Bc5 Be4 61. c4 Bd3 62. b5 axb5 63. cxb5 cxb5 64. Bd4 Be4
1/2-1/2

[Event "Westland (SEMO Res/1a/14)"]
[Site "?"]
[Date "1985.??.??"]
[Round "?"]
[White "Lafferty, F.."]
[Black "Stallard, J.."]
[Result "1-0"]
[WhiteElo "1605"]
[BlackElo "1605"]
[PlyCount "96"]
[EventDate "1985.??.??"]

1. d4 Nf6 2. c4 e6 3. g3 Be7 4. Bg2 d5 5. Nf3 Nc6 6. O-O dxc4 7. Qc2 b5 8. a4
Nb4 9. Qd1 c6 10. Ne5 Bb7 11. axb5 Qb6 12. bxc6 Nxc6 13. Nxc6 Bxc6 14. Bxc6+
Qxc6 15. Qa4 Qxa4 16. Rxa4 O-O 17. Rxc4 Nd5 18. e4 Nb6 19. Rc6 Rab8 20. b3 Rfc8
21. Rxc8+ Rxc8 22. Be3 Bb4 23. Rd1 Rc2 24. d5 exd5 25. Bxb6 axb6 26. exd5 Kf8
27. Kg2 Rb2 28. d6 Ke8 29. d7+ Kd8 30. Kf1 Rxb3 31. Nd2 Rd3 32. Ke2 Rxd2+ 33.
Rxd2 Bxd2 34. Kxd2 Kxd7 35. f4 f5 36. h3 h5 37. Ke3 Kd6 38. Kd4 b5 39. Kc3 Kc5
40. Kb3 b4 41. Kc2 Kc4 42. Kb2 b3 43. Kb1 Kc3 44. g4 fxg4 45. hxg4 hxg4 46. f5
g3 47. f6 gxf6 48. Ka1 g2 1-0

[Event "Westland (SEMO Res/3/39)"]
[Site "?"]
[Date "1985.??.??"]
[Round "?"]
[White "Lafferty, F.."]
[Black "Schmitt, M.."]
[Result "1-0"]
[WhiteElo "1605"]
[BlackElo "1605"]
[PlyCount "77"]
[EventDate "1985.??.??"]

{3/(39)} 1. d4 d5 2. c4 Nf6 3. g3 Nbd7 4. Bg2 c6 5. cxd5 Nxd5 6. Bd2 g6 7. Nc3
N7b6 8. Nf3 Bg7 9. O-O O-O 10. Rc1 Re8 11. Ne4 e5 12. dxe5 Bxe5 13. Nxe5 Rxe5
14. Bh6 Rh5 15. Qd2 Bf5 16. Bf3 Bh3 17. Rfd1 Re5 18. Ng5 Qf6 19. Nxh3 Rae8 20.
Qd4 Nd7 21. Nf4 Nxf4 22. Bxf4 R5e7 23. Bh6 c5 24. Qxf6 Nxf6 25. Rxc5 b6 26. Rc2
Kh8 27. Bg5 Re6 28. Bxf6+ Rxf6 29. Rcd2 Kg7 30. Rd6 h5 31. Rxf6 Kxf6 32. Rd6+
Kg5 33. Bd5 f6 34. e3 Rf8 35. Rd7 Kg4 36. Kg2 f5 37. h4 f4 38. Be6+ Rf5 39. f3#
1-0

[Event "East Detroit (MCO/4/20)"]
[Site "?"]
[Date "1985.??.??"]
[Round "?"]
[White "LaMar, Frank"]
[Black "McNeilly, A.."]
[Result "1-0"]
[WhiteElo "1955"]
[BlackElo "1670"]
[PlyCount "41"]
[EventDate "1985.??.??"]

{4/(20)} 1. e4 c5 2. Nf3 d6 3. d4 cxd4 4. Nxd4 Nf6 5. Nc3 a6 6. Bc4 e6 7. Bb3
Be7 8. O-O O-O 9. h3 Bd7 10. Be3 Nc6 11. a3 Rc8 12. Qe2 Nxd4 13. Bxd4 Bc6 14.
Rad1 Qc7 15. f4 e5 16. fxe5 dxe5 17. Bf2 Rcd8 18. Bg3 Rxd1 19. Rxd1 Bc5+ 20.
Kh2 Bd4 21. Rxd4 1-0

[Event "East Detroit (MCO/6/6)"]
[Site "?"]
[Date "1985.??.??"]
[Round "?"]
[White "LaMar, Frank"]
[Black "Mazuchowski, Tom"]
[Result "0-1"]
[WhiteElo "1955"]
[BlackElo "2105"]
[PlyCount "102"]
[EventDate "1985.??.??"]

{6/(6)} 1. e4 e5 2. Nf3 Nc6 3. Bc4 Nf6 4. Ng5 d5 5. exd5 Na5 6. Bb5+ c6 7. dxc6
bxc6 8. Bd3 Bc5 9. Qe2 O-O 10. Nc3 h6 11. Nge4 Nxe4 12. Nxe4 Be7 13. O-O Qc7
14. b3 f5 15. Bc4+ Kh8 16. Nc3 Nxc4 17. Qxc4 Bd6 18. Bb2 a5 19. Rfe1 e4 20. h3
Ba6 21. Qa4 Rad8 22. Rad1 Be5 23. Ba3 Rd4 24. Bxf8 Rxa4 25. Nxa4 Qd8 26. Bc5
Qg5 27. d4 Bb8 28. c4 Bc8 29. Nb6 f4 30. Rxe4 Bxh3 31. Re8+ Kh7 32. Kf1 Bxg2+
33. Ke1 Bf3 34. Rc1 Qg1+ 35. Kd2 Qxf2+ 36. Kc3 Be4 37. Rxe4 Qf3+ 38. Kb2 Qxe4
39. Nd7 Bc7 40. Rg1 Qe2+ 41. Ka3 f3 42. Bf8 Qg2 43. Rxg2 fxg2 44. Ne5 g1=Q 45.
Nxc6 Qf2 46. Bc5 h5 47. Ba7 h4 48. d5 Bd6+ 49. b4 axb4+ 50. Kb3 Qd2 51. Bd4
Qd3+ 0-1

[Event "East Detroit (MCO/2/21)"]
[Site "?"]
[Date "1985.??.??"]
[Round "?"]
[White "LaMar, Frank"]
[Black "Clines, S.."]
[Result "1-0"]
[WhiteElo "1955"]
[BlackElo "1605"]
[PlyCount "45"]
[EventDate "1985.??.??"]

{2/(21)} 1. e4 e6 2. d4 d5 3. Nc3 Bb4 4. a3 Bxc3+ 5. bxc3 dxe4 6. Qg4 Nf6 7.
Qxg7 Rg8 8. Qh6 Rg6 9. Qe3 Nbd7 10. Ne2 Nb6 11. Nf4 Rg8 12. Bb2 Bd7 13. O-O-O
Qe7 14. c4 c6 15. Be2 O-O-O 16. h3 Na4 17. Ba1 c5 18. d5 e5 19. d6 Qf8 20. Bxe5
Ne8 21. Nd5 Nxd6 22. Nf6 Rg6 23. Rxd6 1-0

[Event "East Detroit (MCO/2/13)"]
[Site "?"]
[Date "1985.??.??"]
[Round "?"]
[White "Kung, Fred"]
[Black "Mason, D.."]
[Result "1/2-1/2"]
[WhiteElo "1740"]
[BlackElo "2050"]
[PlyCount "93"]
[EventDate "1985.??.??"]

{2/(13)} 1. e4 c6 2. d4 d5 3. Nc3 dxe4 4. Nxe4 Nd7 5. Bc4 Ngf6 6. Ng5 e6 7. Qe2
Nb6 8. Bd3 c5 9. dxc5 Bxc5 10. N1f3 h6 11. Ne4 Nxe4 12. Qxe4 Qd5 13. Bf4 Qxe4+
14. Bxe4 Nd5 15. Bg3 Nf6 16. Bd3 Ke7 17. O-O-O Bd7 18. Ne5 Rhd8 19. Rd2 Rac8
20. Rhd1 Bb4 21. c3 Nd5 22. Bc2 Bc5 23. c4 Nb6 24. Nxd7 Rxd7 25. Rxd7+ Nxd7 26.
Be4 b6 27. Bb7 Rf8 28. a3 a5 29. Kc2 Nf6 30. Kc3 Rd8 31. Rxd8 Kxd8 32. b4 axb4+
33. axb4 Be7 34. f3 Nd7 35. Bc6 f5 36. Bf2 Bf6+ 37. Kb3 Be5 38. g3 Bc7 39. c5
bxc5 40. bxc5 Be5 41. f4 Bf6 42. Bb5 Kc7 43. Kc4 Nb8 44. Bd4 Nc6 45. Bxf6 gxf6
46. Kc3 e5 47. fxe5 1/2-1/2

[Event "East Detroit (MCO/4/21)"]
[Site "?"]
[Date "1985.??.??"]
[Round "?"]
[White "Kung, Fred"]
[Black "Garwood, B.."]
[Result "0-1"]
[WhiteElo "1740"]
[BlackElo "1955"]
[PlyCount "48"]
[EventDate "1985.??.??"]

{4/(21)} 1. e4 g6 2. d4 Bg7 3. Nc3 c6 4. f4 d5 5. e5 h5 6. Nf3 Bg4 7. Be2 Bxf3
8. Bxf3 Nh6 9. Be3 Nd7 10. Qe2 e6 11. O-O-O b5 12. h3 h4 13. Rdg1 Qa5 14. Kb1
Nb6 15. Bd2 Nc4 16. g4 hxg3 17. Rxg3 Qb4 18. b3 Nf5 19. Rg2 Nxd4 20. Qd3 Nxf3
21. Qxf3 Nxd2+ 22. Rxd2 a5 23. Qd3 Qxf4 24. Rf1 Qxe5 0-1

[Event "East Detroit (MCO/5/29)"]
[Site "?"]
[Date "1985.??.??"]
[Round "?"]
[White "Kulik, T.."]
[Black "Proszkow, T.."]
[Result "0-1"]
[WhiteElo "1605"]
[BlackElo "1760"]
[PlyCount "116"]
[EventDate "1985.??.??"]

{5/(29)} 1. e4 d6 2. d4 Nd7 3. c4 e6 4. Nf3 Ne7 5. Nc3 Ng6 6. Be3 Be7 7. Bd3
O-O 8. Qd2 c6 9. O-O-O e5 10. g3 exd4 11. Nxd4 Nc5 12. Bc2 Ne5 13. Qe2 Qa5 14.
Nf5 Bxf5 15. exf5 Rfe8 16. f4 Ned7 17. Qf2 b5 18. cxb5 cxb5 19. a3 Nb6 20. Nb1
Rac8 21. b4 Nb3+ 22. Kb2 Nc4+ 23. Ka2 Nxe3 24. Bxb3 Qb6 25. Rd3 Bf6 26. Qf3 Nc4
27. Rhd1 a5 28. g4 a4 29. Bxc4 Rxc4 30. Nc3 Qc7 31. Rc1 h6 32. Rc2 Rce4 33. Qg2
Qc4+ 34. Kb1 Re1+ 35. Rd1 Rxd1+ 36. Nxd1 Qb3+ 37. Kc1 Qxa3+ 38. Kd2 Qxb4+ 39.
Kc1 Qa3+ 40. Kd2 Qb4+ 41. Kc1 Qb3 42. g5 hxg5 43. fxg5 Be5 44. g6 f6 45. Qc6
Bf4+ 46. Rd2 Bxd2+ 47. Kxd2 Qa2+ 48. Kd3 Qe2+ 49. Kc3 Qe1+ 50. Kb2 Qb4+ 51. Ka1
Qa3+ 52. Kb1 Qb3+ 53. Kc1 Qc4+ 54. Qxc4+ bxc4 55. Kb2 d5 56. Nc3 Rb8+ 57. Kc2
a3 58. h4 Rb2+ 0-1

[Event "East Detroit (MCO/3/52)"]
[Site "?"]
[Date "1985.??.??"]
[Round "?"]
[White "Kulik, J.."]
[Black "Turner, De"]
[Result "1-0"]
[WhiteElo "1605"]
[BlackElo "1605"]
[PlyCount "47"]
[EventDate "1985.??.??"]

{3/(52)} 1. e4 e5 2. Nf3 Nc6 3. Bc4 Bc5 4. b4 Bxb4 5. c3 Bc5 6. d4 exd4 7. cxd4
Bb4+ 8. Nbd2 Bxd2+ 9. Qxd2 d6 10. Ng5 Nh6 11. Bb2 O-O 12. d5 Ne7 13. Qc3 f6 14.
Ne6 Bxe6 15. dxe6 a6 16. Rd1 b5 17. Bb3 c6 18. Bc1 Ng4 19. Qg3 Ne5 20. h4 h6
21. Bxh6 N7g6 22. e7+ Kh7 23. exd8=Q Raxd8 24. h5 1-0

[Event "East Detroit (MCO/1/28)"]
[Site "?"]
[Date "1985.??.??"]
[Round "?"]
[White "Kulik, J.."]
[Black "Krevinko, S.."]
[Result "0-1"]
[WhiteElo "1605"]
[BlackElo "1940"]
[PlyCount "52"]
[EventDate "1985.??.??"]

{1/(28)} 1. e4 e6 2. d4 d5 3. e5 c5 4. Be3 Nc6 5. Nf3 Qb6 6. Nc3 cxd4 7. Nxd4
Qxb2 8. Ncb5 Bb4+ 9. Ke2 Ba5 10. Nb3 Qxe5 11. Nxa5 Nxa5 12. Ke1 Nc6 13. c3 Nf6
14. Be2 O-O 15. Qd2 Ne4 16. Qc1 Qf6 17. f3 a6 18. fxe4 axb5 19. Bf3 dxe4 20.
Bxe4 Qh4+ 21. g3 Qxe4 22. Rf1 Ne5 23. Ke2 Qg4+ 24. Kd2 Rd8+ 25. Kc2 Qe4+ 26.
Kb3 Qa4+ 0-1

[Event "East Lansing (MI Op/7/11)"]
[Site "?"]
[Date "1985.??.??"]
[Round "?"]
[White "Kulbacki, James"]
[Black "Yahkind, Alex"]
[Result "1/2-1/2"]
[WhiteElo "2035"]
[BlackElo "2115"]
[PlyCount "51"]
[EventDate "1985.??.??"]

{7/(11)} 1. d4 d5 2. c4 e6 3. Nc3 Nf6 4. Bg5 c5 5. Bxf6 Qxf6 6. cxd5 cxd4 7.
Ne4 Bb4+ 8. Nd2 O-O 9. dxe6 fxe6 10. Ngf3 Nc6 11. a3 Bxd2+ 12. Qxd2 e5 13. e3
Bg4 14. Bc4+ Kh8 15. Bd5 Rad8 16. Be4 Bxf3 17. Bxf3 dxe3 18. Qxe3 Nd4 19. Bd1
Qa6 20. Rc1 e4 21. Be2 Nxe2 22. Qxe2 e3 23. fxe3 Qa5+ 24. Rc3 Rc8 25. Qc2 Rce8
26. Qe2 1/2-1/2

[Event "Westland (MEX/2)"]
[Site "?"]
[Date "1985.??.??"]
[Round "?"]
[White "Kulbacki, James"]
[Black "Thompson, Dexter"]
[Result "0-1"]
[WhiteElo "2035"]
[BlackElo "2260"]
[PlyCount "74"]
[EventDate "1985.??.??"]

1. d4 d5 2. c4 e6 3. Nc3 Nf6 4. Bg5 c6 5. e3 Nbd7 6. cxd5 exd5 7. Nf3 Be7 8.
Qc2 Nh5 9. Bxe7 Qxe7 10. O-O-O Nb6 11. Ne5 g6 12. Bd3 Be6 13. Kb1 O-O-O 14. Na4
Qc7 15. Rc1 f6 16. Nc5 Ng7 17. Nxe6 Nxe6 18. Nf3 Kb8 19. Rhd1 Ng5 20. Nxg5 fxg5
21. h3 Rhf8 22. Rd2 Rde8 23. b4 Rf6 24. a4 Qh2 25. Bf1 Nc4 26. Bxc4 dxc4 27.
Qxc4 Qxg2 28. d5 Qe4+ 29. Qxe4 Rxe4 30. d6 Rxb4+ 31. Ka2 Kc8 32. Ka3 Re4 33.
Rb1 b6 34. Rc1 Kd7 35. a5 b5 36. Rc5 h6 37. Rd1 Rxf2 0-1

[Event "East Lansing (MI Op/1b/15)"]
[Site "?"]
[Date "1985.??.??"]
[Round "?"]
[White "Kulbacki, James"]
[Black "Steverson, Bunnard"]
[Result "1-0"]
[WhiteElo "2035"]
[BlackElo "1755"]
[PlyCount "87"]
[EventDate "1985.??.??"]

1. d4 d5 2. c4 c6 3. Nf3 Bf5 4. Nc3 Nf6 5. cxd5 cxd5 6. Qb3 Qd7 7. Ne5 Qc8 8.
Nxd5 Be6 9. Qa4+ Nc6 10. Nc3 Bd7 11. Nxd7 Qxd7 12. e3 e6 13. Bb5 Be7 14. O-O
O-O 15. a3 a6 16. Bd3 b5 17. Qc2 Rac8 18. Qe2 Rfe8 19. Rd1 Bf8 20. Ne4 Nxe4 21.
Bxe4 Ne7 22. Bd2 Nd5 23. Rac1 Rxc1 24. Rxc1 Rc8 25. Rxc8 Qxc8 26. Qd3 g6 27. g3
b4 28. Bxd5 exd5 29. Bxb4 Bxb4 30. axb4 Qc1+ 31. Kg2 Qxb2 32. Qxa6 Kg7 33. Qd6
Qb3 34. Qc5 Qc4 35. Qxc4 dxc4 36. Kf1 Kf6 37. Ke2 Ke6 38. e4 f5 39. f3 g5 40.
g4 fxe4 41. fxe4 Kd6 42. Kd2 Kc6 43. Kc3 Kb5 44. d5 1-0

[Event "East Lansing (MI Op/4/14)"]
[Site "?"]
[Date "1985.??.??"]
[Round "?"]
[White "Kulbacki, James"]
[Black "Sprague, A.."]
[Result "1-0"]
[WhiteElo "2035"]
[BlackElo "1845"]
[PlyCount "45"]
[EventDate "1985.??.??"]

{4/(14)} 1. d4 Nf6 2. c4 g6 3. Nc3 Bg7 4. e4 d6 5. Nf3 O-O 6. Be2 c5 7. O-O Na6
8. h3 cxd4 9. Nxd4 Nc5 10. f3 a6 11. Be3 b6 12. Qd2 Bb7 13. Rac1 Rc8 14. Rfd1
Ne8 15. Bf1 e6 16. b4 Nd7 17. Nb3 Qh4 18. Bg5 Qh5 19. g4 Ne5 20. Kg2 Nxf3 21.
Kxf3 Bxc3 22. Rxc3 Bxe4+ 23. Kg3 1-0

[Event "Ann Arbor (Masters/Experts Inv)"]
[Site "?"]
[Date "1985.??.??"]
[Round "?"]
[White "Kulbacki, James"]
[Black "Laren, Philip"]
[Result "0-1"]
[WhiteElo "2035"]
[BlackElo "2150"]
[PlyCount "84"]
[EventDate "1985.??.??"]

1. c4 g5 2. d4 Bg7 3. Nc3 c5 4. d5 h6 5. e4 d6 6. g3 Bxc3+ 7. bxc3 Qa5 8. Qb3
Nf6 9. Bd3 Nbd7 10. f4 gxf4 11. gxf4 Rg8 12. Nf3 Nb6 13. Be3 Bh3 14. Rg1 O-O-O
15. Rg3 Rxg3 16. hxg3 Rg8 17. Bf2 Qa4 18. Ng1 Bg2 19. e5 Be4 20. Be2 Ng4 21.
Rd1 Qd7 22. Bf3 Qf5 23. Bxg4 Rxg4 24. Qa3 Kb8 25. Bxc5 dxc5 26. Qxc5 Rxg3 27.
Ne2 Rg2 28. d6 Bc6 29. dxe7 Rxe2+ 30. Kxe2 Qe4+ 31. Qe3 Qxc4+ 32. Kf2 Nc8 33.
Qd2 Qc5+ 34. Qd4 Qxe7 35. f5 Qg5 36. Qd3 Qf4+ 37. Kg1 Qxe5 38. Rd2 Qe4 39. Qxe4
Bxe4 40. Rh2 Bxf5 41. Rxh6 Be6 42. a3 Nd6 0-1

[Event "Ann Arbor (Masters/Experts Inv)"]
[Site "?"]
[Date "1985.??.??"]
[Round "?"]
[White "Kulbacki, James"]
[Black "Koster, Ed"]
[Result "1/2-1/2"]
[WhiteElo "2035"]
[BlackElo "2100"]
[PlyCount "50"]
[EventDate "1985.??.??"]

1. Nf3 Nf6 2. c4 g6 3. b3 Bg7 4. Bb2 O-O 5. e3 d6 6. Be2 e5 7. d4 Nbd7 8. O-O
Re8 9. Nc3 e4 10. Nd2 Nf8 11. b4 c6 12. a4 h5 13. Qb3 Bf5 14. a5 a6 15. Na4
N8d7 16. Bc3 Ng4 17. b5 axb5 18. cxb5 Qh4 19. h3 Ngf6 20. bxc6 bxc6 21. Nb6
Bxh3 22. gxh3 Qxh3 23. Nxa8 Ng4 24. Bxg4 Qxg4+ 25. Kh2 Qh4+ 1/2-1/2

[Event "East Detroit (MCO/2/12)"]
[Site "?"]
[Date "1985.??.??"]
[Round "?"]
[White "Kulbacki, James"]
[Black "Hosey, L.."]
[Result "1-0"]
[WhiteElo "2055"]
[BlackElo "1830"]
[PlyCount "55"]
[EventDate "1985.??.??"]

{2/(12)} 1. d4 Nf6 2. c4 e6 3. Nc3 Bb4 4. e3 O-O 5. Bd3 c5 6. Nf3 d5 7. O-O Nc6
8. a3 Bxc3 9. bxc3 dxc4 10. Bxc4 Qc7 11. Re1 Rd8 12. Qc2 cxd4 13. exd4 h6 14.
Bd3 b6 15. Bb2 Bb7 16. Re2 Rac8 17. Rae1 Nd5 18. g3 Nce7 19. c4 Nf6 20. Ne5 Nc6
21. Nf3 Ba8 22. d5 exd5 23. Bf5 dxc4 24. Bxc8 Rxc8 25. Qf5 Qd8 26. Bxf6 gxf6
27. Qxc8 Qxc8 28. Re8+ 1-0

[Event "Westland (SEMO/2/15)"]
[Site "?"]
[Date "1985.??.??"]
[Round "?"]
[White "Kulbacki, James"]
[Black "Harrold, Alvin"]
[Result "1-0"]
[WhiteElo "2025"]
[BlackElo "1820"]
[PlyCount "84"]
[EventDate "1985.??.??"]

{2/(15)} 1. d4 Nf6 2. c4 e6 3. Nf3 b6 4. g3 Bb7 5. Bg2 c5 6. d5 exd5 7. Nh4 d6
8. Nc3 g6 9. O-O Bg7 10. cxd5 O-O 11. e4 Re8 12. Re1 a6 13. a4 Nbd7 14. f4 Qc7
15. Nf3 Ng4 16. h3 Nh6 17. Be3 Bxc3 18. bxc3 Rxe4 19. Ne5 Rxe3 20. Rxe3 dxe5
21. fxe5 Nf5 22. Re1 c4 23. Kh2 Qc5 24. Qf3 Re8 25. Rad1 Rxe5 26. Rxe5 Nxe5 27.
Qf4 Nd3 28. Qb8+ Qc8 29. Qxc8+ Bxc8 30. Be4 Ne3 31. Rb1 Nc5 32. Re1 Nxe4 33.
Rxe3 f5 34. Kg2 Kf7 35. Kf3 Bb7 36. Kf4 Kf6 37. g4 Bxd5 38. gxf5 gxf5 39. h4 h5
40. Rh3 a5 41. Re3 Bc6 42. Re1 Nxc3 1-0